Premier League Appearances by Nationality: Croatia - Statistics

General Stats
  • This quiz has been taken 20 times
  • The average score is 5 of 10
Answer Stats
Appearances Player % Correct
127 Luka Modric
94%
162 Dejan Lovren
88%
204 Mateo Kovacic
88%
81 Josko Gvardiol
82%
154 Niko Kranjcar
41%
119 Vedran Corluka
41%
114 Nikica Jelavic
29%
76 Slaven Bilic
29%
100 Igor Stimac
24%
78 Ivan Klasnic
0%
No matching quizzes found
Score Distribution
Percent of People with Each Score
Percentile by Number Answered
Your Score History
You have not taken this quiz